000 00628nam a2200241Ia 4500
003 OSt
005 20221007064353.0
006 a|||||r|||| 00| 0
007 ta
008 221006b |||||||| |||| 00| 0 eng d
024 _a10,043
037 _cTextual
040 _aFLL
_cFLL
_beng
041 _2eng
_aeng
082 _aXM55:Z2q, L4.2
100 _aJain P.D. Au.
_9685709
245 0 _aCurrent companies law code
260 _aDelhi
_bCentral law office India
_c1974
300 _a558p
_ccm.
490 _vVol.2
942 _hXM55:Z2q, L4.2
_cTEXL
_2CC
999 _c1133824
_d1133824